000 00501nam a2200181Ia 4500
001 4986
005 20260306145835.0
008 260306t2016||||xx |||||||||||||| ||spa||
041 _aESP
082 _a332.46
_bY915
100 _aYamada, Gustavo
_eAUT
245 0 _aPolítica y estabilidad monetaria en el Perú:
_bhomenaje a Julio Velarde, Banquero Central del año 2015
260 _c2016
300 _axii, 273 páginas :
_c24 cm.
650 _aGEN
654 _aCAN
942 _cLIB
_dJUS
_fJUS
_2ddc
_n
999 _c4986
_d4986